000 00727nam a22002177a 4500
999 _c358171
_d358171
003 IT-MiSPE
005 20190326171652.0
008 190326b ||||| |||| 00| 0 eng d
020 _a8851400628
_c11.00 EUR
040 _aIT-MiSPE
_bita
_cIT-MiSPE
_dIT-MiSPE
082 _a227.07-BRO fr ne (23242)
100 _aBrovelli, Franco.
_d1941-,
_eautore
_957695
245 _aNel cuore dell'apostolo.
_bIn ascolto di san Paolo /
_cFranco Brovelli
260 _aMilano :
_bAncora,
_c2002.
300 _a159 p.
_c19 cm
490 _aTesti spirituali
600 _aPaulus Apostolus
_csanto
_957523
630 _aBiblia.
_957643
655 _aSacra Scrittura. Spiritualità.
_xPaolo: spiritualità e formazione
_957696
942 _2ddc
_cBK